[Event "MCR_O193"]
[Site "?"]
[Date "2004.??.??"]
[Round "?"]
[White "Vins, Karel"]
[Black "Martin, Petr"]
[Result "0-1"]
[WhiteElo "1800"]
[BlackElo "2000"]
[PlyCount "44"]
[EventDate "2004.??.??"]
[EventType "corr"]
[EventRounds "2"]
[SourceDate "2005.03.12"]

1. e4 d6 2. d4 Nf6 3. Nc3 g6 4. g3 Bg7 5. Bg2 O-O 6. Nge2 Nbd7 7. O-O e5 8. d5
Nh5 9. g4 Nhf6 10. f3 Ne8 11. Be3 Nc5 12. b4 Na6 13. Rb1 f5 14. h3 f4 15. Bf2
Nf6 16. a3 g5 17. Qd2 Qe8 18. h4 Nxg4 19. fxg4 f3 20. Qxg5 fxg2 21. Kxg2 Rf6
22. b5 h6 0-1

[Event "MCR_O193"]
[Site "?"]
[Date "2004.??.??"]
[Round "?"]
[White "Martin, Petr"]
[Black "Vins, Karel"]
[Result "1-0"]
[WhiteElo "2000"]
[BlackElo "1800"]
[PlyCount "65"]
[EventDate "2004.??.??"]
[EventType "corr"]
[EventRounds "2"]
[SourceDate "2005.03.12"]

1. c4 c5 2. Nc3 Nc6 3. Nf3 Nf6 4. e3 e5 5. d4 cxd4 6. exd4 exd4 7. Nxd4 a6 8.
Bg5 Be7 9. Be2 O-O 10. O-O d6 11. Bf3 Ne5 12. Be2 h6 13. Bxf6 Bxf6 14. Nd5 Be6
15. Nxf6+ Qxf6 16. Rc1 Rad8 17. b4 Nc6 18. Nxc6 bxc6 19. Qa4 Bd7 20. Rfd1 Ra8
21. Bf3 Rfc8 22. c5 d5 23. Bxd5 Be8 24. Bf3 Ra7 25. Rd6 Qf5 26. Rcd1 Rd7 27.
Qxa6 Rxd6 28. cxd6 Bd7 29. h3 Qb5 30. Qxb5 cxb5 31. Re1 Re8 32. Rxe8+ Bxe8 33.
Bg4 1-0

[Event "MCR_O193"]
[Site "?"]
[Date "2004.??.??"]
[Round "?"]
[White "Vins, Karel"]
[Black "Zabrodsky, Zdenek"]
[Result "1/2-1/2"]
[WhiteElo "1800"]
[BlackElo "2000"]
[PlyCount "48"]
[EventDate "2004.??.??"]
[EventType "corr"]
[EventRounds "2"]
[SourceDate "2005.03.12"]

1. e4 e5 2. Nf3 Nc6 3. Bc4 Bc5 4. c3 Nf6 5. d4 exd4 6. cxd4 Bb4+ 7. Bd2 Bxd2+
8. Nbxd2 d5 9. exd5 Nxd5 10. O-O Nce7 11. Re1 O-O 12. h3 Ng6 13. Ne4 h6 14. Nc3
Be6 15. Nxd5 Bxd5 16. Bxd5 Qxd5 17. b3 Rfe8 18. Qc2 c6 19. Re3 Nf4 20. Rae1 Ne6
21. Qc4 Qxc4 22. bxc4 Nc7 23. Rxe8+ Rxe8 24. Rxe8+ Nxe8 1/2-1/2

[Event "MCR_O193"]
[Site "?"]
[Date "2004.??.??"]
[Round "?"]
[White "Stika, Vaclav"]
[Black "Martin, Petr"]
[Result "1-0"]
[WhiteElo "1831"]
[BlackElo "2000"]
[PlyCount "37"]
[EventDate "2004.??.??"]
[EventType "corr"]
[EventRounds "2"]
[SourceDate "2005.03.12"]

1. e4 d6 2. d4 Nf6 3. Nc3 g6 4. Nf3 Bg7 5. Be2 O-O 6. O-O Nbd7 7. e5 dxe5 8.
dxe5 Ng4 9. e6 fxe6 10. Ng5 Nxf2 11. Rxf2 Rxf2 12. Nxe6 Qe8 13. Kxf2 Qf7+ 14.
Bf3 c6 15. Nxg7 Kxg7 16. Kg1 Nb6 17. a4 Bf5 18. a5 Nd7 19. a6 1-0

[Event "MCR_O193"]
[Site "?"]
[Date "2004.??.??"]
[Round "?"]
[White "Martin, Petr"]
[Black "Stika, Vaclav"]
[Result "0-1"]
[WhiteElo "2000"]
[BlackElo "1831"]
[PlyCount "44"]
[EventDate "2004.??.??"]
[EventType "corr"]
[EventRounds "2"]
[SourceDate "2005.03.12"]

1. c4 e5 2. Nf3 Nc6 3. d4 exd4 4. Nxd4 Bc5 5. Nb3 Bb4+ 6. Bd2 Bxd2+ 7. Qxd2 d6
8. e4 Nf6 9. Nc3 O-O 10. Be2 Re8 11. f3 Be6 12. O-O Ne5 13. Nd5 c6 14. Ne3 d5
15. Nc5 dxe4 16. Qc3 exf3 17. gxf3 Bh3 18. Rf2 Qe7 19. Ne4 Nxf3+ 20. Rxf3 Nxe4
21. Qe1 Ng5 22. Rg3 f5 0-1

[Event "MCR_O193"]
[Site "?"]
[Date "2004.??.??"]
[Round "?"]
[White "Farny, Miroslav"]
[Black "Stika, Vaclav"]
[Result "0-1"]
[WhiteElo "1800"]
[BlackElo "1831"]
[PlyCount "28"]
[EventDate "2004.??.??"]
[EventType "corr"]
[EventRounds "2"]
[SourceDate "2005.03.12"]

1. d4 d5 2. Nc3 Nf6 3. h3 e6 4. Nf3 Nbd7 5. Bf4 Bb4 6. Bd2 c6 7. e3 O-O 8. Bd3
Bd6 9. Qe2 Re8 10. O-O-O b5 11. a3 a5 12. b4 axb4 13. axb4 Bxb4 14. Kb1 Qa5 0-1

[Event "MCR_O193"]
[Site "?"]
[Date "2004.??.??"]
[Round "?"]
[White "Martin, Petr"]
[Black "Liska, Ladislav"]
[Result "0-1"]
[WhiteElo "2000"]
[BlackElo "1936"]
[PlyCount "42"]
[EventDate "2004.??.??"]
[EventType "corr"]
[EventRounds "2"]
[SourceDate "2005.03.12"]

1. c4 Nf6 2. Nc3 c5 3. Nf3 d5 4. cxd5 Nxd5 5. Nxd5 Qxd5 6. e3 g6 7. Qc2 Bg7 8.
e4 Qh5 9. d4 O-O 10. dxc5 Bg4 11. Be2 Nc6 12. Be3 Rfd8 13. a3 e6 14. Bf4 Bxf3
15. Bxf3 Nd4 16. O-O-O Qh4 17. g3 Qe7 18. Bd6 Rxd6 19. cxd6 Qg5+ 20. Kb1 Nxc2
21. Kxc2 Qc5+ 0-1

[Event "MCR_O193"]
[Site "?"]
[Date "2004.??.??"]
[Round "?"]
[White "Liska, Ladislav"]
[Black "Vins, Karel"]
[Result "1-0"]
[WhiteElo "1936"]
[BlackElo "1800"]
[PlyCount "35"]
[EventDate "2004.??.??"]
[EventType "corr"]
[EventRounds "2"]
[SourceDate "2005.03.12"]

1. d4 d5 2. Nf3 Nf6 3. Bf4 Nc6 4. e3 e6 5. Bd3 h6 6. O-O a6 7. Nbd2 Bd6 8. c3
Ne7 9. Be5 c6 10. c4 dxc4 11. Nxc4 Bxe5 12. dxe5 Nfd5 13. Nd6+ Kf8 14. Qd2 b5
15. e4 Nc7 16. Qf4 f5 17. exf6 g5 18. fxe7+ 1-0

[Event "MCR_O193"]
[Site "?"]
[Date "2004.??.??"]
[Round "?"]
[White "Liska, Ladislav"]
[Black "Farny, Miroslav"]
[Result "1-0"]
[WhiteElo "1936"]
[BlackElo "1800"]
[PlyCount "25"]
[EventDate "2004.??.??"]
[EventType "corr"]
[EventRounds "2"]
[SourceDate "2005.03.12"]

1. d4 d5 2. Nc3 e6 3. e4 dxe4 4. Nxe4 Nc6 5. Nf3 h6 6. Bd3 Nxd4 7. Nxd4 c6 8.
Be3 g6 9. Bc4 Bg7 10. Nb5 Qxd1+ 11. Rxd1 cxb5 12. Bxb5+ Ke7 13. Bc5# 1-0

[Event "MCR_O193"]
[Site "?"]
[Date "2004.??.??"]
[Round "?"]
[White "Martin, Petr"]
[Black "Benes, Jiri"]
[Result "0-1"]
[WhiteElo "2000"]
[BlackElo "1800"]
[PlyCount "46"]
[EventDate "2004.??.??"]
[EventType "corr"]
[EventRounds "2"]
[SourceDate "2005.03.12"]

1. c4 e5 2. Nf3 Nc6 3. d4 Bb4+ 4. Bd2 Bxd2+ 5. Qxd2 exd4 6. Nxd4 Nxd4 7. Qxd4
Qf6 8. Qe4+ Ne7 9. Nc3 O-O 10. f4 d6 11. g3 Bf5 12. Qf3 Nc6 13. e4 Be6 14.
O-O-O Ne5 15. Qh5 Nxc4 16. f5 Qe5 17. Qe2 Nb6 18. fxe6 Qxe6 19. Qh5 a5 20. Bd3
g6 21. Qf3 c6 22. h4 a4 23. Qg4 Qxg4 0-1

[Event "MCR_O193"]
[Site "?"]
[Date "2004.??.??"]
[Round "?"]
[White "Vins, Karel"]
[Black "Stika, Vaclav"]
[Result "0-1"]
[WhiteElo "1800"]
[BlackElo "1831"]
[PlyCount "50"]
[EventDate "2004.??.??"]
[EventType "corr"]
[EventRounds "2"]
[SourceDate "2005.03.12"]

1. e4 e5 2. Nf3 Nc6 3. Bc4 Bc5 4. c3 Nf6 5. d4 exd4 6. cxd4 Bb4+ 7. Bd2 Bxd2+
8. Nbxd2 Nxe4 9. d5 Nxd2 10. Qxd2 Ne7 11. O-O O-O 12. Rfe1 d6 13. Re3 Bg4 14.
h3 Bxf3 15. Rxf3 Ng6 16. Bb3 Re8 17. Re3 Rxe3 18. fxe3 Qg5 19. Re1 Re8 20. Qf2
Re7 21. g3 a5 22. Kg2 a4 23. Bxa4 Qxd5+ 24. e4 Qxa2 25. Bd1 Ne5 0-1

[Event "MCR_O193"]
[Site "?"]
[Date "2004.??.??"]
[Round "?"]
[White "Stika, Vaclav"]
[Black "Vins, Karel"]
[Result "1-0"]
[WhiteElo "1831"]
[BlackElo "1800"]
[PlyCount "59"]
[EventDate "2004.??.??"]
[EventType "corr"]
[EventRounds "2"]
[SourceDate "2005.03.12"]

1. e4 c5 2. Nf3 d6 3. d4 cxd4 4. Nxd4 Nf6 5. Nc3 a6 6. Be2 Nc6 7. Be3 e6 8. O-O
Be7 9. f4 e5 10. Nf5 g6 11. Nxe7 Qxe7 12. fxe5 Qxe5 13. Rxf6 Qxf6 14. Nd5 Qd8
15. Bb6 Qg5 16. Nc7+ Ke7 17. h4 Qxh4 18. Nxa8 Qxe4 19. Nc7 Be6 20. Bf3 Qb4 21.
Bf2 Rd8 22. c3 Qa5 23. Nxe6 fxe6 24. Qb3 Qb5 25. Bh4+ g5 26. Qxb5 axb5 27.
Bxg5+ Ke8 28. Bxc6+ bxc6 29. Bxd8 Kxd8 30. Kf2 1-0

[Event "MCR_O193"]
[Site "?"]
[Date "2004.??.??"]
[Round "?"]
[White "Stika, Vaclav"]
[Black "Zabrodsky, Zdenek"]
[Result "1-0"]
[WhiteElo "1831"]
[BlackElo "2000"]
[PlyCount "45"]
[EventDate "2004.??.??"]
[EventType "corr"]
[EventRounds "2"]
[SourceDate "2005.03.12"]

1. e4 e5 2. Nf3 d6 3. Bc4 Qe7 4. Nc3 c6 5. d4 f6 6. Be3 Nd7 7. O-O Nb6 8. Bb3
Bg4 9. h3 Bxf3 10. Qxf3 exd4 11. Bxd4 Qd7 12. a4 Qc7 13. Ne2 Nd7 14. Nf4 Ke7
15. Rad1 Nh6 16. Ne6 Qc8 17. Qg3 Ne5 18. Nxg7 Nhf7 19. Nf5+ Ke8 20. Bxe5 dxe5
21. Qh4 Qc7 22. Qxf6 Rg8 23. Qe6+ 1-0

[Event "MCR_O193"]
[Site "?"]
[Date "2004.??.??"]
[Round "?"]
[White "Zabrodsky, Zdenek"]
[Black "Vins, Karel"]
[Result "1/2-1/2"]
[WhiteElo "2000"]
[BlackElo "1800"]
[PlyCount "66"]
[EventDate "2004.??.??"]
[EventType "corr"]
[EventRounds "2"]
[SourceDate "2005.03.12"]

1. Nf3 d5 2. d4 Nf6 3. g3 g6 4. Bg2 Bg7 5. O-O c6 6. Re1 O-O 7. Nbd2 Nbd7 8. c3
Re8 9. Ne5 Nf8 10. e4 dxe4 11. Nxe4 Nxe4 12. Rxe4 Be6 13. Bf4 Bd5 14. Re1 Bxg2
15. Kxg2 e6 16. Qd2 f6 17. Nd3 b6 18. Rad1 Qd5+ 19. f3 g5 20. Nb4 Qd7 21. Be3
a5 22. Nd3 h6 23. h4 Qf7 24. hxg5 fxg5 25. Nf2 Nd7 26. Ne4 Qg6 27. Rh1 Re7 28.
Nf2 Nf6 29. c4 Rb7 30. Qd3 Qxd3 31. Nxd3 Nd7 32. b3 Kf7 33. g4 Kg6 1/2-1/2

[Event "MCR_O193"]
[Site "?"]
[Date "2004.??.??"]
[Round "?"]
[White "Liska, Ladislav"]
[Black "Martin, Petr"]
[Result "1/2-1/2"]
[WhiteElo "1936"]
[BlackElo "2000"]
[PlyCount "61"]
[EventDate "2004.??.??"]
[EventType "corr"]
[EventRounds "2"]
[SourceDate "2005.03.12"]

1. d4 Nf6 2. c4 g6 3. f3 Bg7 4. e4 d6 5. Nc3 O-O 6. Be3 Nbd7 7. Nge2 e5 8. Qb3
c6 9. O-O-O a6 10. Qa3 Re8 11. g4 Qc7 12. g5 Nh5 13. d5 c5 14. Ng3 Nxg3 15.
hxg3 f6 16. Rd2 Nf8 17. gxf6 Bxf6 18. Bh6 Bg7 19. Bxg7 Qxg7 20. Qa5 Qf6 21. Bg2
Qd8 22. Qxd8 Rxd8 23. f4 Re8 24. Rh4 Bd7 25. Rf2 b5 26. fxe5 dxe5 27. Rf6 Re7
28. Bf1 b4 29. Nd1 Rf7 30. Rxf7 Kxf7 31. b3 1/2-1/2

[Event "MCR_O193"]
[Site "?"]
[Date "2004.??.??"]
[Round "?"]
[White "Farny, Miroslav"]
[Black "Liska, Ladislav"]
[Result "0-1"]
[WhiteElo "1800"]
[BlackElo "1936"]
[PlyCount "44"]
[EventDate "2004.??.??"]
[EventType "corr"]
[EventRounds "2"]
[SourceDate "2005.03.12"]

1. e4 c5 2. Nf3 Nc6 3. c3 e6 4. d4 d5 5. exd5 exd5 6. Be3 Qb6 7. Qb3 Nf6 8.
Qxb6 axb6 9. Be2 Be7 10. O-O O-O 11. Nbd2 Re8 12. Rfe1 Bf5 13. Nf1 Bd6 14. Bb5
Re6 15. Bxc6 bxc6 16. Ng3 Bg6 17. dxc5 bxc5 18. Bd2 Rxe1+ 19. Bxe1 Rb8 20. b3
Bc2 21. Nd2 c4 22. bxc4 Ba3 0-1

[Event "MCR_O193"]
[Site "?"]
[Date "2004.??.??"]
[Round "?"]
[White "Zabrodsky, Zdenek"]
[Black "Martin, Petr"]
[Result "0-1"]
[WhiteElo "2000"]
[BlackElo "2000"]
[PlyCount "78"]
[EventDate "2004.??.??"]
[EventType "corr"]
[EventRounds "2"]
[SourceDate "2005.03.12"]

1. e4 d6 2. d4 Nf6 3. Nc3 g6 4. f4 Bg7 5. Nf3 O-O 6. h3 Re8 7. e5 dxe5 8. fxe5
Nh5 9. g4 Ng3 10. Rg1 Nxf1 11. Rxf1 f6 12. Bf4 g5 13. Be3 Nd7 14. Qd3 Nf8 15.
O-O-O c6 16. Ne4 h6 17. Ng3 Qa5 18. a3 Be6 19. Ne4 b5 20. b4 Qc7 21. Qc3 a5 22.
d5 axb4 23. axb4 Bd7 24. e6 Bc8 25. Nd4 Qe5 26. Nc5 Qxd5 27. Nf5 Qa2 28. Bd4
Bxe6 29. Nxe6 Nxe6 30. Nxg7 Nxd4 31. Qxd4 Kxg7 32. Qb2 Qa1+ 33. Qxa1 Rxa1+ 34.
Kb2 Rxd1 35. Rxd1 Kf7 36. c4 Rb8 37. Kc3 Ra8 38. Rh1 Rd8 39. Ra1 Rd6 0-1

[Event "MCR_O193"]
[Site "?"]
[Date "2004.??.??"]
[Round "?"]
[White "Zabrodsky, Zdenek"]
[Black "Stika, Vaclav"]
[Result "0-1"]
[WhiteElo "2000"]
[BlackElo "1831"]
[PlyCount "62"]
[EventDate "2004.??.??"]
[EventType "corr"]
[EventRounds "2"]
[SourceDate "2005.03.12"]

1. c4 e5 2. Nc3 Nc6 3. d3 Nf6 4. e3 d5 5. cxd5 Nxd5 6. Nge2 Bg4 7. h3 Ndb4 8.
d4 exd4 9. hxg4 dxe3 10. Qxd8+ Rxd8 11. fxe3 Nd3+ 12. Kd2 Nf2+ 13. Nd4 Nxh1 14.
Bb5 a6 15. Bxc6+ bxc6 16. Ke2 h5 17. g5 Ng3+ 18. Kf3 c5 19. Nc6 Rd6 20. Kxg3
Rxc6 21. e4 Re6 22. Bf4 Bd6 23. Kf3 Bxf4 24. Kxf4 Rd6 25. Nd5 Kd8 26. Ke3 Re8
27. Nc3 c4 28. Rd1 Rxd1 29. Nxd1 Ke7 30. Nc3 Ke6 31. Nd5 Rb8 0-1

[Event "MCR_O193"]
[Site "?"]
[Date "2004.??.??"]
[Round "?"]
[White "Stika, Vaclav"]
[Black "Farny, Miroslav"]
[Result "1-0"]
[WhiteElo "1831"]
[BlackElo "1800"]
[PlyCount "43"]
[EventDate "2004.??.??"]
[EventType "corr"]
[EventRounds "2"]
[SourceDate "2005.03.12"]

1. e4 e5 2. Nf3 Nc6 3. Bb5 d6 4. d4 Bd7 5. d5 Nb8 6. Qd3 Be7 7. O-O a6 8. Bxd7+
Qxd7 9. Nfd2 Nf6 10. Nc4 O-O 11. Ne3 Re8 12. Nf5 Bf8 13. Bg5 Qd8 14. Nd2 h6 15.
Bxf6 Qxf6 16. Qb3 Nd7 17. Qxb7 Qg5 18. Ne3 Nc5 19. Qxc7 Rec8 20. Qa5 Qf4 21. b4
Nxe4 22. g3 1-0

[Event "MCR_O193"]
[Site "?"]
[Date "2004.??.??"]
[Round "?"]
[White "Farny, Miroslav"]
[Black "Zabrodsky, Zdenek"]
[Result "1-0"]
[WhiteElo "1800"]
[BlackElo "2000"]
[PlyCount "45"]
[EventDate "2004.??.??"]
[EventType "corr"]
[EventRounds "2"]
[SourceDate "2005.03.12"]

1. d4 Nf6 2. Nc3 e6 3. Bg5 Be7 4. e4 d6 5. Nf3 c6 6. e5 Nd5 7. Bxe7 Qxe7 8. Qd2
b6 9. Ne4 dxe5 10. dxe5 O-O 11. O-O-O f6 12. exf6 gxf6 13. Nd4 e5 14. Nxc6 Nxc6
15. Qxd5+ Qe6 16. Bc4 Nd4 17. Rxd4 exd4 18. Qxd4 Kg7 19. Bxe6 Bxe6 20. Nd6 Rad8
21. Re1 Bg8 22. Qg4+ Kh8 23. Re7 1-0

[Event "MCR_O193"]
[Site "?"]
[Date "2004.??.??"]
[Round "?"]
[White "Zabrodsky, Zdenek"]
[Black "Farny, Miroslav"]
[Result "0-1"]
[WhiteElo "2000"]
[BlackElo "1800"]
[PlyCount "42"]
[EventDate "2004.??.??"]
[EventType "corr"]
[EventRounds "2"]
[SourceDate "2005.03.12"]

1. e4 e6 2. d4 d5 3. exd5 exd5 4. Bd3 Bd6 5. Ne2 Nf6 6. Nbc3 O-O 7. Bg5 c6 8.
Qd2 Re8 9. O-O-O Na6 10. a3 b5 11. Na2 b4 12. Nxb4 Nxb4 13. axb4 a5 14. bxa5
Rxa5 15. Qc3 Ne4 16. Bxe4 Qxg5+ 17. Kb1 dxe4 18. Qxc6 Qe7 19. Qc3 Qa7 20. b3
Bf5 21. g3 e3 0-1

[Event "MCR_O193"]
[Site "?"]
[Date "2004.??.??"]
[Round "?"]
[White "Zabrodsky, Zdenek"]
[Black "Liska, Ladislav"]
[Result "0-1"]
[WhiteElo "2000"]
[BlackElo "1936"]
[PlyCount "64"]
[EventDate "2004.??.??"]
[EventType "corr"]
[EventRounds "2"]
[SourceDate "2005.03.12"]

1. e4 e5 2. Nf3 Nc6 3. Bb5 a6 4. Ba4 Be7 5. O-O Nf6 6. Re1 b5 7. Bb3 O-O 8. c3
d5 9. exd5 Nxd5 10. Nxe5 Nxe5 11. Rxe5 Bb7 12. Qf3 Bd6 13. Bxd5 c6 14. Re2 cxd5
15. d4 Qc7 16. g3 Rfe8 17. Be3 a5 18. Nd2 b4 19. cxb4 Bxb4 20. Nb3 Ba6 21. Rc1
Bxe2 22. Qxe2 Qb6 23. Qc2 Qf6 24. Qd1 Rab8 25. Nc5 Bxc5 26. Rxc5 Rxb2 27. Rxa5
Qf5 28. Kg2 f6 29. Qf3 Qe6 30. a4 Qxe3 31. Qxd5+ Kh8 32. Qf5 Qxd4 0-1

[Event "MCR_O193"]
[Site "?"]
[Date "2004.??.??"]
[Round "?"]
[White "Liska, Ladislav"]
[Black "Zabrodsky, Zdenek"]
[Result "1-0"]
[WhiteElo "1936"]
[BlackElo "2000"]
[PlyCount "63"]
[EventDate "2004.??.??"]
[EventType "corr"]
[EventRounds "2"]
[SourceDate "2005.03.12"]

1. d4 d5 2. c4 e6 3. e3 Nf6 4. Nf3 Be7 5. Nc3 O-O 6. b3 Bb4 7. Bd2 c6 8. Bd3
dxc4 9. bxc4 Nbd7 10. Qc2 b6 11. a3 Ba5 12. g4 g6 13. g5 Nh5 14. Rb1 Bb7 15. c5
Bxc3 16. Bxc3 Qc7 17. Be2 Ng7 18. Bb2 f6 19. O-O Kh8 20. a4 Rad8 21. Ba3 bxc5
22. Bxc5 Nxc5 23. Qxc5 Ba8 24. gxf6 Rxf6 25. Ne5 Ne8 26. f4 Nd6 27. Bf3 Nf5 28.
Rfe1 Ne7 29. Be4 Nd5 30. a5 Rb8 31. Rxb8+ Qxb8 32. Nd7 1-0

[Event "MCR_O193"]
[Site "?"]
[Date "2004.??.??"]
[Round "?"]
[White "Benes, Jiri"]
[Black "Martin, Petr"]
[Result "0-1"]
[WhiteElo "1800"]
[BlackElo "2000"]
[PlyCount "56"]
[EventDate "2004.??.??"]
[EventType "corr"]
[EventRounds "2"]
[SourceDate "2005.03.12"]

1. d4 Nf6 2. Nf3 g6 3. e3 Bg7 4. Bd3 d6 5. O-O O-O 6. Nbd2 Nbd7 7. c3 e5 8. Qc2
Nd5 9. Bc4 N5b6 10. Bb3 d5 11. dxe5 Nxe5 12. Nxe5 Bxe5 13. Nf3 Bd6 14. h3 Qe7
15. Qe2 Bf5 16. Nd4 Bd7 17. Bc2 Nc4 18. Re1 f5 19. Bd3 Ne5 20. c4 c5 21. Nc2
Be6 22. cxd5 Bxd5 23. b3 Qh4 24. e4 fxe4 25. Bc4 Bxc4 26. bxc4 Nd3 27. Rf1 Rf3
28. gxf3 Nf4 0-1

[Event "MCR_O193"]
[Site "?"]
[Date "2004.??.??"]
[Round "?"]
[White "Benes, Jiri"]
[Black "Zabrodsky, Zdenek"]
[Result "1-0"]
[WhiteElo "1800"]
[BlackElo "2000"]
[PlyCount "47"]
[EventDate "2004.??.??"]
[EventType "corr"]
[EventRounds "2"]
[SourceDate "2005.03.12"]

1. d4 d5 2. Nf3 Nf6 3. e3 e6 4. Bd3 Be7 5. Nbd2 O-O 6. O-O c5 7. c3 Nc6 8. Ne5
Qc7 9. f4 Nd7 10. Qh5 Nf6 11. Qh3 g6 12. g4 c4 13. Bc2 Nd7 14. Ndf3 Ndxe5 15.
fxe5 f6 16. e4 dxe4 17. Bxe4 f5 18. gxf5 gxf5 19. Bxc6 bxc6 20. Rf2 Rf7 21. Bh6
Qd8 22. Rg2+ Kh8 23. Kh1 Bb7 24. Rag1 1-0

[Event "MCR_O193"]
[Site "?"]
[Date "2004.??.??"]
[Round "?"]
[White "Martin, Petr"]
[Black "Zabrodsky, Zdenek"]
[Result "0-1"]
[WhiteElo "2000"]
[BlackElo "2000"]
[PlyCount "50"]
[EventDate "2004.??.??"]
[EventType "corr"]
[EventRounds "2"]
[SourceDate "2005.03.12"]

1. c4 Nf6 2. Nc3 e6 3. e4 e5 4. f4 d6 5. Nf3 Nbd7 6. Be2 c6 7. O-O Be7 8. d4
exd4 9. Nxd4 O-O 10. Nf5 Nc5 11. Nxe7+ Qxe7 12. Bf3 Re8 13. Re1 Qc7 14. b4 Ncd7
15. Qc2 Nf8 16. Be3 Bg4 17. Rad1 Bxf3 18. gxf3 Kh8 19. e5 dxe5 20. Qf5 exf4 21.
Qxf4 Qxf4 22. Bxf4 Rxe1+ 23. Rxe1 Rd8 24. Re3 Ne6 25. c5 Nxf4 0-1

[Event "MCR_O193"]
[Site "?"]
[Date "2004.??.??"]
[Round "?"]
[White "Stika, Vaclav"]
[Black "Liska, Ladislav"]
[Result "1/2-1/2"]
[WhiteElo "1831"]
[BlackElo "1936"]
[PlyCount "61"]
[EventDate "2004.??.??"]
[EventType "corr"]
[EventRounds "2"]
[SourceDate "2005.03.12"]

1. e4 c5 2. Nf3 Nc6 3. d4 cxd4 4. Nxd4 Nf6 5. Nc3 d6 6. Bg5 e6 7. Bb5 Bd7 8.
O-O Be7 9. Qd2 O-O 10. Rfd1 Qb6 11. a4 Rad8 12. Nb3 Be8 13. a5 Qc7 14. Qe3 Ng4
15. Qf4 Nge5 16. Qg3 Bxg5 17. Qxg5 f6 18. Qg3 Bh5 19. Rd2 a6 20. Bf1 Bf7 21.
Be2 Rfe8 22. h4 d5 23. h5 Kh8 24. h6 g5 25. Ra4 d4 26. Nxd4 Nxa5 27. Rd1 Nac6
28. Nxc6 Rxd1+ 29. Bxd1 Qxc6 30. Qe3 Rd8 31. Rd4 1/2-1/2

[Event "MCR_O193"]
[Site "?"]
[Date "2004.??.??"]
[Round "?"]
[White "Stika, Vaclav"]
[Black "Benes, Jiri"]
[Result "1-0"]
[WhiteElo "1831"]
[BlackElo "1800"]
[PlyCount "53"]
[EventDate "2004.??.??"]
[EventType "corr"]
[EventRounds "2"]
[SourceDate "2005.03.12"]

1. e4 Nf6 2. e5 Nd5 3. d4 d6 4. Nf3 dxe5 5. Nxe5 g6 6. Bc4 c6 7. O-O Bg7 8. Nd2
Nd7 9. Ndf3 O-O 10. Re1 Nxe5 11. Nxe5 Be6 12. Bb3 Nc7 13. c3 Bxe5 14. Rxe5 Bxb3
15. Qxb3 Qd7 16. Bh6 Rfd8 17. Rae1 e6 18. Qd1 Ne8 19. Qf3 Ng7 20. Bg5 Rf8 21.
Bf6 Ne8 22. Bh4 Kg7 23. Bg5 h6 24. Bf4 Qe7 25. d5 Rc8 26. Qe3 g5 27. Bxg5 1-0

[Event "MCR_O193"]
[Site "?"]
[Date "2004.??.??"]
[Round "?"]
[White "Vins, Karel"]
[Black "Benes, Jiri"]
[Result "0-1"]
[WhiteElo "1800"]
[BlackElo "1800"]
[PlyCount "58"]
[EventDate "2004.??.??"]
[EventType "corr"]
[EventRounds "2"]
[SourceDate "2005.03.12"]

1. e4 g6 2. d4 Nf6 3. e5 Nh5 4. g4 Ng7 5. f4 h5 6. g5 d6 7. Nc3 Bf5 8. a3 dxe5
9. dxe5 Qxd1+ 10. Kxd1 Nd7 11. Bd3 O-O-O 12. Bd2 Bxd3 13. cxd3 Nc5 14. Nge2
Nxd3 15. Kc2 Nxb2 16. Rhb1 Nc4 17. Bc1 e6 18. a4 Nf5 19. Nd1 Bc5 20. Rb3 Nd4+
21. Nxd4 Rxd4 22. Rd3 Rxd3 23. Kxd3 Na5 24. Be3 Rd8+ 25. Ke4 Bxe3 26. Nxe3 Nb3
27. Nc2 Nxa1 28. Nxa1 Rd1 29. Nb3 Rh1 0-1

[Event "MCR_O193"]
[Site "?"]
[Date "2004.??.??"]
[Round "?"]
[White "Liska, Ladislav"]
[Black "Benes, Jiri"]
[Result "1-0"]
[WhiteElo "1936"]
[BlackElo "1800"]
[PlyCount "53"]
[EventDate "2004.??.??"]
[EventType "corr"]
[EventRounds "2"]
[SourceDate "2005.03.12"]

1. d4 Nf6 2. c4 g6 3. Nc3 d5 4. Bf4 Bg7 5. e3 c6 6. Rc1 O-O 7. Nf3 Bg4 8. Qb3
Bxf3 9. gxf3 Qd7 10. h4 dxc4 11. Bxc4 e6 12. Ne4 Nxe4 13. fxe4 b5 14. Be2 Qb7
15. h5 Nd7 16. hxg6 hxg6 17. Bg3 e5 18. dxe5 Bxe5 19. Bxe5 Nxe5 20. f4 Nd7 21.
Qc3 f6 22. Rg1 c5 23. Rxg6+ Kh7 24. Rg2 Rf7 25. Kf2 Rg7 26. Rh1+ Kg8 27. Qb3+
1-0

[Event "MCR_O193"]
[Site "?"]
[Date "2004.??.??"]
[Round "?"]
[White "Vins, Karel"]
[Black "Farny, Miroslav"]
[Result "0-1"]
[WhiteElo "1800"]
[BlackElo "1800"]
[PlyCount "64"]
[EventDate "2004.??.??"]
[EventType "corr"]
[EventRounds "2"]
[SourceDate "2005.03.12"]

1. e4 Nf6 2. e5 Nd5 3. c4 Nb6 4. d4 d6 5. f4 dxe5 6. fxe5 Nc6 7. Nf3 Bg4 8. Be3
Bxf3 9. gxf3 Qd7 10. f4 e6 11. Nc3 Na5 12. c5 Nd5 13. Nxd5 exd5 14. b3 Be7 15.
h4 f5 16. Qd3 Nc6 17. a3 Qe6 18. b4 Nd8 19. Bg2 c6 20. Bf2 Qh6 21. Qf3 Ne6 22.
Be3 b6 23. h5 bxc5 24. bxc5 Rb8 25. O-O Rb3 26. Qe2 O-O 27. a4 Rfb8 28. Rad1
R3b4 29. Rf3 Qxh5 30. a5 g5 31. fxg5 f4 32. Bd2 Nxd4 0-1

[Event "MCR_O193"]
[Site "?"]
[Date "2004.??.??"]
[Round "?"]
[White "Zabrodsky, Zdenek"]
[Black "Benes, Jiri"]
[Result "1/2-1/2"]
[WhiteElo "2000"]
[BlackElo "1800"]
[PlyCount "63"]
[EventDate "2004.??.??"]
[EventType "corr"]
[EventRounds "2"]
[SourceDate "2005.03.12"]

1. e4 Nf6 2. d3 d6 3. f4 g6 4. Nf3 Bg4 5. Be2 Bxf3 6. Bxf3 c6 7. Nc3 Nbd7 8.
Be3 Bg7 9. O-O O-O 10. a4 Ne8 11. Qd2 Qa5 12. d4 e5 13. dxe5 Nb6 14. exd6 Nc4
15. Qc1 Nexd6 16. e5 Nf5 17. Bf2 Rfd8 18. Ne4 Bf8 19. b3 Nb6 20. c3 Nd5 21. b4
Qc7 22. g4 Nfe7 23. Bc5 Nc8 24. Bxf8 Kxf8 25. Rb1 Qb6+ 26. Kh1 Qe3 27. Qxe3
Nxe3 28. Rfe1 Nd5 29. f5 Nf4 30. Nd6 Nxd6 31. exd6 Rxd6 32. fxg6 1/2-1/2

[Event "MCR_O193"]
[Site "?"]
[Date "2004.??.??"]
[Round "?"]
[White "Liska, Ladislav"]
[Black "Stika, Vaclav"]
[Result "0-1"]
[WhiteElo "1936"]
[BlackElo "1831"]
[PlyCount "70"]
[EventDate "2004.??.??"]
[EventType "corr"]
[EventRounds "2"]
[SourceDate "2005.03.12"]

1. d4 Nf6 2. Nf3 d5 3. c4 e6 4. g3 dxc4 5. Bg2 Bb4+ 6. Bd2 Bd6 7. Qa4+ c6 8.
Qxc4 O-O 9. O-O Nbd7 10. Bg5 h6 11. Bxf6 Qxf6 12. Nbd2 Qf5 13. Nh4 Qh5 14. e3
Be7 15. Bf3 Qa5 16. Nb3 Qb6 17. Ng2 e5 18. Qc2 exd4 19. exd4 a5 20. Ne3 a4 21.
Nd2 Qxd4 22. Nf5 Qf6 23. Nxe7+ Qxe7 24. Rfe1 Qf6 25. Be4 Nb6 26. a3 Be6 27. Re3
Nd5 28. Ree1 Rfe8 29. Bh7+ Kh8 30. Bd3 Bg4 31. Rab1 Re7 32. Rxe7 Qxe7 33. Nc4
b5 34. Nd2 Rd8 35. Qxc6 Nf6 0-1